The answer ends with a U - Statistics

General Stats
  • This quiz has been taken 40 times
  • The average score is 9 of 15
Answer Stats
Hint Answer % Correct
Country whose capital is Lima Peru
95%
Short ballet skirt Tutu
86%
French word for water Eau
81%
martial art made popular by a number 1 single and a 70's TV series starring David Carradine Kung Fu
78%
Pacific island nation whose capital is Port Vila Vanuatu
73%
Large French house Chateau
70%
Another Pacific nation whose capital is Yaren Nauru
70%
Foodstuff made from Soy Milk curds Tofu
65%
Famous city in Mali Timbuktu
59%
1922 German silent horror film remade in 2024 Nosferatu
51%
Australian landmark originally called Ayres Rock Uluru
49%
Liqueur flavoured with orange Cointreau
41%
Popular animated Penguin Pingu
38%
UK female singer who had hits with Boom Bang A Bang & The Man Who Sold The World Lulu
32%
First name of Miss Pollard, UK entertainer and actress Su
22%
No matching quizzes found
Score Distribution
Percent of People with Each Score
Percentile by Number Answered
Your Score History
You have not taken this quiz